| 000 | 00548pam a2200217 i 4500 | ||
|---|---|---|---|
| 001 | 2264877 | ||
| 005 | 20180302082439.0 | ||
| 008 | 781002s1979 nyu b 001 0 eng | ||
| 010 | _a 78023361 | ||
| 020 | _a0195025350 | ||
| 040 |
_aDLC _cDLC _dDLC |
||
| 041 | _aeng | ||
| 080 | _a155.33 SYM | ||
| 082 | 0 | 0 | _a155.33 SYM |
| 100 | 1 | _a24 | |
| 101 | _aANT | ||
| 245 | 1 | 4 |
_aThe evolution of human sexuality / _cDonald Symons. |
| 504 | _aBibliography: p. [315]-343. | ||
| 906 |
_a7 _bcbc _corignew _d1 _eocip _f19 _gy-gencatlg |
||
| 942 |
_2ddc _cBK |
||
| 999 |
_c44075 _d44075 |
||